000 00291nam a22001337a 4500
008 170315b xxu||||| |||| 00| 0 eng d
020 _a9780073378244
041 _aeng
080 _26TH
_a591
100 _a7
101 _ashm
245 _aANATOMY & PHYSIOLOGY
_cGUNSTREAM
942 _2udc
_cBK
999 _c7852
_d7852